[Event "TC Hartwell Memorial"]
[Site "Twin Falls, ID"]
[Date "2006.05.27"]
[Round "2.1"]
[White "Buckendorf Jr., Glen"]
[Black "Reynolds, Garrett"]
[Result "0-1"]
[WhiteElo "1800"]
[BlackElo "1963"]

1. e4 Nf6 2. e5 Nd5 3. d4 d6 4. c4 Nb6 5. f4 dxe5 6. fxe5 Nc6 7. Be3 Bf5 8. a3
a5 9. Nf3 e6 10. Be2 Be7 11. O-O O-O 12. Nc3 f6 13. Nh4 fxe5 14. Nxf5 exf5 15.
d5 Nd4 16. Bxd4 exd4 17. Qxd4 Nd7 18. Kh1 Bc5 19. Qd2 Rf6 20. Qg5 g6 21. Rae1
Bd4 22. Bd1 Bxc3 23. bxc3 Nc5 24. Bc2 Rf7 25. Qg3 Kh8 {(This is all the moves
recorded on the score turned in. It seems unlikely that this is the final
position. It's regrettable that in this event (unlike most others) not all
parties turned in a complete score sheet, as is required by USCF rules. It is
possible that Mr. Buckendorf has a more complete record of the remaining
moves, and an effort will be made to obtain the complete game.)} {#R} 0-1

[Event "TC Hartwell Memorial"]
[Site "Twin Falls, ID"]
[Date "2006.05.27"]
[Round "3.1"]
[White "Reynolds, Garrett"]
[Black "Taylor, Daniel A"]
[Result "1/2-1/2"]
[WhiteElo "1963"]
[BlackElo "1915"]

1. e4 e5 2. Nf3 Nc6 3. Bb5 a6 4. Bxc6 dxc6 5. d4 exd4 6. Qxd4 Qxd4 7. Nxd4 Nf6
8. f3 Bc5 9. c3 O-O 10. Nd2 Re8 11. N2b3 Ba7 12. Bg5 Nd7 13. O-O-O Ne5 14. Bf4
h6 15. Rhe1 c5 16. Bxe5 Rxe5 17. Nc2 Be6 18. f4 Rh5 19. h3 Bxb3 20. axb3 a5
21. Rd3 b5 22. c4 b4 23. Red1 Rh4 24. g4 h5 25. Rg3 hxg4 26. hxg4 Bb6 27. Ne3
a4 28. bxa4 Rxa4 29. Kc2 Rh2+ 30. Kb3 Ra8 31. Nd5 Kf8 32. Rdd3 f6 33. Rh3 Rxh3
34. Rxh3 Kf7 35. g5 {#d} 1/2-1/2

[Event "Idaho Open"]
[Site "Twin Falls, ID"]
[Date "2006.08.26"]
[Round "1.2"]
[White "Reynolds, Garrett"]
[Black "Vander Sys, Michael P"]
[Result "0-1"]
[WhiteElo "1963"]
[BlackElo "1584"]

1. e4 c6 2. d4 d5 3. Nd2 dxe4 4. Nxe4 Bf5 5. Ng3 Bg6 6. Nf3 Nd7 7. Bd3 Qc7 8.
O-O Ngf6 9. c4 e6 10. Re1 O-O-O 11. Bg5 Nb6 12. a3 Be7 13. b4 Rhe8 14. c5 Nbd5
15. Ne5 Bf8 16. Bxg6 hxg6 17. Ne4 Nxe4 18. Bxd8 Rxd8 19. Rxe4 Nc3 20. Qf3 Nxe4
21. Qxe4 Rd5 22. Rd1 f5 23. Qh4 Qxe5 24. b5 Qf6 25. Qh8 Kc7 26. bxc6 bxc6 27.
h3 Bxc5 28. Rc1 Qxd4 29. Qe8 Qxf2+ 30. Kh1 Qe2 31. Qf7+ Rd7 32. Qxg6 Rd1+ 33.
Rxd1 Qxd1+ 34. Kh2 Bd6+ 35. g3 Qe2+ 36. Kh1 Qe1+ 37. Kg2 Qxg3+ 38. Qxg3 Bxg3
39. Kxg3 g5 40. Kf3 Kd6 41. a4 a5 {#R} 0-1

[Event "Idaho Open"]
[Site "Twin Falls, ID"]
[Date "2006.08.26"]
[Round "2.6"]
[White "Daw, Aron"]
[Black "Reynolds, Garrett"]
[Result "0-1"]
[WhiteElo "667"]
[BlackElo "1963"]

1. e4 c5 2. Nf3 e6 3. Nc3 Nc6 4. d4 cxd4 5. Nxd4 Nf6 6. Nxc6 bxc6 7. e5 Nd5 8.
Nxd5 cxd5 9. Bd2 Bc5 10. Bd3 Qc7 11. Qe2 Bd4 12. Bf4 Bxb2 13. Rb1 Bc3+ 14. Bd2
Qxe5 15. Qxe5 Bxe5 16. O-O O-O 17. Rfe1 Bc7 18. h4 Rd8 19. h5 d6 20. Bc3 e5
21. Bd2 Be6 22. Re3 Rab8 23. Rxb8 Rxb8 24. Rg3 Rb1+ 25. Kh2 Bb6 26. Bh6 g6 27.
hxg6 hxg6 28. c3 Rb2 29. Be3 Bxe3 30. fxe3 Rxa2 31. Rf3 Ra3 32. e4 Rxc3 33.
exd5 Bxd5 34. Re3 Bc4 35. Bxc4 Rxe3 36. g3 Rc3 37. Bb5 d5 38. Kh3 d4 39. Ba4
d3 40. g4 Ra3 41. Bd1 d2+ 42. Kh4 Ra1 43. Bc2 d1=Q 44. Bxd1 Rxd1 45. g5 Rf1
46. Kg4 a5 47. Kg3 a4 48. Kg4 a3 49. Kg3 a2 50. Kg4 a1=Q 51. Kh4 Qb2 52. Kg4
Qg2+ 53. Kh4 Rh1# 0-1

[Event "SIO"]
[Site "Jackpot, NV"]
[Date "2006.11.05"]
[Round "4.1"]
[White "Kennedy, Shane A"]
[Black "Reynolds, Garrett"]
[Result "1/2-1/2"]
[WhiteElo "1623"]
[BlackElo "1923"]

1. e4 e5 2. Nf3 d6 3. d4 exd4 4. Nxd4 g6 5. Nc3 Bg7 6. Be3 Bd7 7. Qd2 Nc6 8.
O-O-O a6 9. h4 Nf6 10. Be2 Qe7 11. f3 O-O-O 12. g4 Nxd4 13. Bxd4 Be6 14. g5
Nh5 15. Bxg7 Nxg7 16. Qd4 Nh5 17. Qa7 Ng3 18. Qa8+ Kd7 19. Qxb7 Nxh1 20. Bxa6
Ke8 21. Rxh1 Bc8 22. Bb5+ Kf8 23. Qa7 c5 24. Qa5 Kg7 25. Nd5 Qe5 26. Bd3 Rd7
27. f4 Qd4 28. Rd1 Rb7 29. c3 Qf2 30. b3 c4 31. Bxc4 Ra7 32. Qb6 Rxa2 33. Qxf2
Rxf2 34. Rd2 Rxd2 35. Kxd2 {#d} 1/2-1/2

[Event "SIO"]
[Site "Jackpot, NV"]
[Date "2006.11.05"]
[Round "5.2"]
[White "Reynolds, Garrett"]
[Black "Shouse, Donald L"]
[Result "1-0"]
[WhiteElo "1923"]
[BlackElo "1211"]

1. e4 e5 2. Nf3 Nc6 3. Bc4 h6 4. d4 exd4 5. Nxd4 Nf6 6. Nxc6 bxc6 7. Qe2 Bc5
8. Nc3 O-O 9. O-O d6 10. Be3 Bb6 11. f3 Re8 12. Rad1 Bd7 13. Bxb6 cxb6 14.
Rxd6 Qc7 15. Rfd1 Rad8 16. e5 Kf8 17. Qe3 Nd5 18. Bxd5 cxd5 19. R1xd5 Be6 20.
Rxd8 Rxd8 21. Rxd8+ Qxd8 22. Qd3 Qe7 23. Qd6 Ke8 24. Qxe7+ Kxe7 25. Nb5 a6 26.
Nc7 Bc8 27. Nd5+ Ke6 28. Nxb6 Kxe5 29. Nxc8 Kd4 30. Nd6 f6 31. Ne8 Ke3 32.
Nxg7 Kd2 33. c4 Kc2 34. c5 Kxb2 35. c6 a5 36. c7 Kxa2 37. c8=Q a4 38. Qb8 a3
39. Kf1 Ka1 40. Ke1 h5 41. Kd2 h4 42. Kc2 h3 43. Qb1# 1-0

[Event "WIO (Open)"]
[Site "Boise, ID"]
[Date "2006.12.09"]
[Round "2.2"]
[White "Roland, Jeffrey T"]
[Black "Reynolds, Garrett"]
[Result "1-0"]
[WhiteElo "1706"]
[BlackElo "1923"]

1. d4 Nf6 2. Nf3 d6 3. g3 g6 4. Bg2 Bg7 5. c4 O-O 6. O-O Nbd7 7. Nc3 e5 8.
dxe5 dxe5 9. e4 c6 10. h3 Qe7 11. Be3 Nc5 12. Qc2 Nh5 13. b4 Ne6 14. b5 Nd4
15. Qa4 Nxf3+ 16. Bxf3 Bxh3 17. Bg2 Bxg2 18. Kxg2 Nf4+ 19. Kf3 cxb5 20. Qxb5
a6 21. Qb6 Rfd8 22. gxf4 exf4 23. Nd5 Rxd5 24. cxd5 Bxa1 25. Bxf4 f5 26. exf5
gxf5 27. Rg1+ Kh8 28. Qb1 Qa3+ 29. Be3 Bd4 30. Qxf5 Rf8 31. Ke4 Rxf5 32. Bxd4+
{#r} 1-0

[Event "WIO (Open)"]
[Site "Boise, ID"]
[Date "2006.12.10"]
[Round "4.3"]
[White "Reynolds, Garrett"]
[Black "Johnson, Paul M"]
[Result "1/2-1/2"]
[WhiteElo "1923"]
[BlackElo "2031"]

1. e4 d5 2. exd5 Nf6 3. d4 Nxd5 4. c4 Nb6 5. Nf3 Bg4 6. c5 Nd5 7. Qb3 Bc8 8.
Bc4 e6 9. Nc3 c6 10. O-O Be7 11. Nxd5 exd5 12. Bd3 O-O 13. Qc2 h6 14. Ne5 Nd7
15. f4 Nxe5 16. fxe5 Bg5 17. Bf4 Be6 18. Qd2 b5 19. Bxg5 Qxg5 20. Qxg5 hxg5
21. Bf5 Rae8 22. g4 g6 23. Bxe6 fxe6 24. Rxf8+ {#d} 1/2-1/2

[Event "WIO (Open)"]
[Site "Boise, ID"]
[Date "2006.12.10"]
[Round "5.4"]
[White "Reynolds, Garrett"]
[Black "Harmon-Vellotti, Luke"]
[Result "1-0"]
[WhiteElo "1923"]
[BlackElo "1229"]

1. e4 e5 2. Nf3 Nc6 3. Bb5 a6 4. Bxc6 dxc6 5. d4 exd4 6. Qxd4 Qxd4 7. Nxd4 Bc5
8. Nb3 Bb6 9. Nc3 Nf6 10. h3 Be6 11. O-O Rd8 12. Bf4 Nh5 13. Be5 f6 14. Bh2 g5
15. Na4 Nf4 16. Bxf4 gxf4 17. Nxb6 cxb6 18. Rfd1 c5 19. Rxd8+ Kxd8 20. Rd1+
Ke7 21. f3 Rg8 22. Kf2 Rg5 23. Nc1 f5 24. e5 Rh5 25. Rd6 b5 26. Nd3 c4 27.
Rxe6+ Kd7 28. Nxf4 Rg5 29. Rh6 Rg7 30. Rf6 a5 31. Rxf5 Ke8 32. e6 b4 33. Rxa5
Ke7 34. Rc5 Kd8 35. Rxc4 b5 36. Rxb4 Rb7 37. Nd5 Ke8 38. Rxb5 {#r} 1-0

[Event "Idaho Closed"]
[Site "Boise, ID"]
[Date "2007.02.17"]
[Round "1.4"]
[White "Frasure, Drake Martin"]
[Black "Reynolds, Garrett"]
[Result "0-1"]
[WhiteElo "1180"]
[BlackElo "1900"]

1. e4 e6 2. Nf3 c5 3. d4 cxd4 4. Nxd4 Nf6 5. Bd3 Nc6 6. c3 Bc5 7. Nb3 Be7 8.
Be3 b6 9. N1d2 Bb7 10. O-O Ne5 11. Qe2 Nxd3 12. Qxd3 O-O 13. f3 d5 14. Rad1
dxe4 15. Nxe4 Qxd3 16. Nxf6+ Bxf6 17. Rxd3 Ba6 18. Rd7 Bxf1 19. Kxf1 Rfd8 20.
Rb7 Kf8 21. a4 Ke8 22. Rc7 Rdc8 23. Rb7 Bxc3 24. Bd4 Bxd4 25. Nxd4 Rc1+ 26.
Ke2 Rd8 27. Ke3 Rd7 28. Rb8+ Ke7 29. Ra8 Rc4 30. Nb5 Rxa4 31. Nc3 Rb4 32. Rh8
Rxb2 {#R} 0-1

[Event "Idaho Closed"]
[Site "Boise, ID"]
[Date "2007.02.17"]
[Round "2.4"]
[White "Reynolds, Garrett"]
[Black "Booth, Tom R"]
[Result "1/2-1/2"]
[WhiteElo "1900"]
[BlackElo "1546"]

1. e4 e6 2. d3 d5 3. Nd2 Ne7 4. Ngf3 Ng6 5. g3 b6 6. Bg2 Bb7 7. O-O Be7 8. Re1
O-O 9. e5 c5 10. h4 Na6 11. Nf1 d4 12. N1h2 Rb8 13. h5 Nh8 14. h6 g6 15. Bf4
Bd5 16. Ng4 Bxf3 17. Bxf3 Nb4 18. Qd2 g5 19. a3 Nxc2 20. Qxc2 gxf4 21. gxf4
Ng6 22. Qd2 Nh4 23. Be4 Nf5 {#d} 1/2-1/2

[Event "Idaho Closed"]
[Site "Boise, ID"]
[Date "2007.02.18"]
[Round "3.4"]
[White "Dominick, Matthew Thomas"]
[Black "Reynolds, Garrett"]
[Result "0-1"]
[WhiteElo "1269"]
[BlackElo "1900"]

1. e4 Nf6 2. Nc3 d5 3. exd5 Nxd5 4. Qf3 Nxc3 5. Qxc3 Nc6 6. Nf3 a6 7. Bc4 e6
8. a3 Qf6 9. d4 h6 10. Be3 Bd6 11. O-O-O Bd7 12. Nd2 b5 13. Ne4 Qe7 14. Nxd6+
cxd6 15. d5 Ne5 16. dxe6 fxe6 17. Be2 O-O 18. f4 Rfc8 19. Qd2 Nf7 20. Kb1 Bc6
21. Bd3 d5 22. Bd4 Nd6 23. Bc5 Bb7 24. Qb4 Rc6 25. f5 e5 26. Rhe1 Qf6 27. Bxd6
Rxd6 28. g4 Rad8 29. Qc3 e4 30. Qxf6 gxf6 31. Bf1 d4 32. Bg2 Re8 33. Re2 Rd7
34. Rde1 Rde7 35. Kc1 Re5 36. Kd2 Bd5 37. h3 e3+ 38. Kc1 Bc4 39. Bf3 Bxe2 40.
Bxe2 a5 41. Rd1 Rd8 42. c3 d3 43. Bxd3 Rxd3 44. Re1 e2 45. Kc2 Rxh3 46. Kd2
Rg3 47. Rxe2 Rxe2+ 48. Kxe2 Rxg4 49. Kf3 Rg5 50. b4 axb4 51. axb4 h5 52. Kf4
h4 53. c4 h3 54. c5 h2 55. c6 h1=Q 56. c7 Qb7 57. c8=Q+ Qxc8 58. Ke3 Qc2 59.
Kd4 Qc4+ 60. Ke3 Rg3+ 61. Kf2 Ra3 62. Ke1 Qc2 63. Kf1 Ra1# 0-1

[Event "Idaho Closed"]
[Site "Boise, ID"]
[Date "2007.02.18"]
[Round "4.2"]
[White "Reynolds, Garrett"]
[Black "Parsons, Larry R"]
[Result "1/2-1/2"]
[WhiteElo "1900"]
[BlackElo "2081"]

1. e4 g6 2. d4 d6 3. Nc3 Nf6 4. Nf3 c6 5. Bg5 Bg7 6. Qd2 b5 7. a3 O-O 8. h3 a6
9. Bh6 c5 10. Bxg7 Kxg7 11. e5 dxe5 12. dxe5 Qxd2+ 13. Nxd2 Nfd7 14. f4 Bb7
15. O-O-O Nc6 16. Nf3 Nb6 17. Rh2 Rfd8 18. g4 Rxd1+ 19. Nxd1 Rd8 20. Rd2 Rxd2
21. Kxd2 Nd5 22. f5 gxf5 23. gxf5 c4 24. Ne3 Nf4 25. Ke1 Nb8 26. Kf2 {#d}
1/2-1/2

[Event "Idaho Closed"]
[Site "Boise, ID"]
[Date "2007.02.19"]
[Round "5.2"]
[White "Reynolds, Garrett"]
[Black "Flynn, Patrick M"]
[Result "1/2-1/2"]
[WhiteElo "1900"]
[BlackElo "1853"]

1. e4 c5 2. Nf3 Nc6 3. d3 g6 4. g3 Bg7 5. Bg2 e6 6. Nc3 d5 7. exd5 exd5 8. O-O
Nge7 9. Re1 O-O 10. Bf4 a6 11. a4 Bg4 12. h3 Bxf3 13. Bxf3 Re8 14. Bg2 {#d}
1/2-1/2

[Event "Idaho Closed"]
[Site "Boise, ID"]
[Date "2007.02.19"]
[Round "6.4"]
[White "Johnson, Paul M"]
[Black "Reynolds, Garrett"]
[Result "1/2-1/2"]
[WhiteElo "2015"]
[BlackElo "1900"]

1. d4 e6 2. c4 Nf6 3. g3 Bb4+ 4. Bd2 Qe7 5. Bg2 O-O 6. Nf3 d5 7. a3 Bxd2+ 8.
Nbxd2 a5 9. O-O Nc6 10. Qc2 Rd8 11. Rfd1 Bd7 12. e4 dxe4 13. Nxe4 Nxe4 14.
Qxe4 a4 15. Ne5 Rab8 16. Rac1 f6 17. Nxd7 Qxd7 18. d5 exd5 19. Rxd5 Qe8 20.
Rxd8 Rxd8 21. Qxe8+ Rxe8 22. Bxc6 bxc6 23. Kf1 Kf7 24. c5 Rb8 25. Rc4 Rxb2 26.
Rxa4 Rb5 27. Rc4 Ra5 28. a4 Ke6 29. Ke2 Kd5 30. Kd3 Rxc5 31. Rd4+ Ke6 {#d}
1/2-1/2

[Event "Idaho Open"]
[Site "Pocatello, ID"]
[Date "2007.03.31"]
[Round "1.4"]
[White "Reynolds, Garrett"]
[Black "Walter, John B"]
[Result "1-0"]
[WhiteElo "1900"]
[BlackElo "1525"]

1. e4 e5 2. d4 d6 3. Bc4 Nf6 4. dxe5 dxe5 5. Bxf7+ Ke7 6. Qxd8+ Kxd8 7. Bg5 h6
8. Bh4 g5 9. Bg3 Rh7 10. Bg6 Re7 11. Nc3 c5 12. O-O-O+ Nbd7 13. Nf3 Bg7 14.
Nxe5 Nxe4 15. Nf7+ Rxf7 16. Bxf7 Nxc3 17. bxc3 Ke7 18. Bh5 Nf6 19. Rhe1+ Kf8
20. Rd8+ {#r} 1-0

[Event "Idaho Open"]
[Site "Pocatello, ID"]
[Date "2007.03.31"]
[Round "2.3"]
[White "Chi, Alvin"]
[Black "Reynolds, Garrett"]
[Result "1/2-1/2"]
[WhiteElo "1764"]
[BlackElo "1900"]

1. e4 e6 2. d4 c5 3. Nf3 cxd4 4. Nxd4 Nf6 5. Nc3 Bb4 6. Bd3 Nc6 7. Be3 e5 8.
Nf5 O-O 9. O-O Ne7 10. Nxe7+ Qxe7 11. Nb5 Bc5 12. Nc7 Rb8 13. Bg5 Qd6 14. Bxf6
Qxf6 15. Nd5 Qd8 16. b4 Be7 17. Qh5 d6 18. f4 g6 19. Qh6 exf4 20. Qxf4 f5 21.
Bc4 Be6 22. exf5 Rxf5 23. Qd2 Bg5 {#d} 1/2-1/2

[Event "Idaho Open"]
[Site "Pocatello, ID"]
[Date "2007.04.01"]
[Round "5.3"]
[White "Reynolds, Garrett"]
[Black "Treiman, Scott"]
[Result "1-0"]
[WhiteElo "1900"]
[BlackElo "1378"]

1. e4 c6 2. d4 d5 3. e5 Bf5 4. Bd3 Bxd3 5. Qxd3 e6 6. Nc3 Nd7 7. Nge2 c5 8.
Be3 c4 9. Qd2 Ne7 10. Ng3 a6 11. O-O Ng6 12. f4 Ne7 13. f5 Nxf5 14. Nxf5 exf5
15. Rxf5 Bb4 16. Raf1 O-O 17. Bh6 Bxc3 18. bxc3 Qh4 19. Bg5 Qe4 20. R1f4 Rac8
21. Rxe4 dxe4 22. Rf4 h6 23. Bxh6 Rfd8 24. Rxe4 Rc6 25. Qg5 Rxh6 26. Qxd8+ Kh7
27. Qxd7 b5 28. Qxf7 b4 29. Rg4 Rg6 30. Qxg6+ Kh8 31. Qxg7# 1-0

[Event "SIO"]
[Site "Jackpot, NV"]
[Date "2007.11.10"]
[Round "1.3"]
[White "Hoskins, Jace H"]
[Black "Reynolds, Garrett"]
[Result "0-1"]
[WhiteElo "1175"]
[BlackElo "1884"]

1. e4 c5 2. Nf3 Nc6 3. Bc4 Qc7 4. c3 Nf6 5. d3 e6 6. Be3 Be7 7. Nbd2 a6 8. d4
d5 9. exd5 exd5 10. Be2 c4 11. O-O b5 12. Ng5 h6 13. Nxf7 Kxf7 14. Bh5+ g6 15.
Qf3 gxh5 16. Bf4 Bd6 17. Bxd6 Qxd6 18. Rfe1 Bg4 19. Qg3 Qxg3 20. hxg3 Rae8 21.
f3 Bf5 22. Kf2 Rxe1 23. Rxe1 Re8 24. Rxe8 Nxe8 25. Ke3 b4 26. Kf4 bxc3 27.
bxc3 Kf6 28. Nf1 Bb1 29. a3 Nc7 30. Ne3 Ne6# 0-1

[Event "SIO"]
[Site "Jackpot, NV"]
[Date "2007.11.10"]
[Round "2.2"]
[White "Reynolds, Garrett"]
[Black "Bartell, Fred"]
[Result "1-0"]
[WhiteElo "1884"]
[BlackElo "1785"]

1. e4 e5 2. Nf3 d6 3. d4 Nd7 4. Bc4 Be7 5. dxe5 Nxe5 6. Nxe5 dxe5 7. Qh5 g6 8.
Qxe5 Nf6 9. Bh6 Rg8 10. Nc3 Qd6 11. Qb5+ Nd7 12. Qb3 Ne5 13. Bf4 Rf8 14. Qb5+
c6 15. Qxe5 Qb4 16. Bh6 f6 17. Qd4 b5 18. Bxf8 Kxf8 19. a3 Qxc4 20. Qxc4 bxc4
21. O-O-O Kf7 22. h3 Bc5 23. Rd2 Ke7 24. Rhd1 Bb6 25. Na4 Bc7 26. Rd4 Bf4+ 27.
Kb1 Be6 28. Nc5 Bf7 29. Rd7+ Ke8 30. Nb7 c3 31. Rd8+ Rxd8 32. Nxd8 Bc4 33.
Nxc6 cxb2 34. Kxb2 a6 35. Rd8+ Kf7 36. Rd7+ Kg8 37. g3 Bb5 38. gxf4 Bxc6 39.
Rd6 Bxe4 40. Rxf6 Bb7 41. Rb6 Bc8 42. Rb8 {#r} 1-0

[Event "SIO"]
[Site "Jackpot, NV"]
[Date "2007.11.10"]
[Round "3.1"]
[White "Roland, Jeffrey T"]
[Black "Reynolds, Garrett"]
[Result "1-0"]
[WhiteElo "1739"]
[BlackElo "1884"]

1. e4 c5 2. Nc3 Nc6 3. d3 Nf6 4. g3 d5 5. exd5 Nxd5 6. Bg2 Nxc3 7. bxc3 e5 8.
Ne2 Be6 9. O-O Qd7 10. f4 Bh3 11. c4 Bxg2 12. Kxg2 Bd6 13. Nc3 exf4 14. Qe2+
Qe7 15. Bxf4 Qxe2+ 16. Nxe2 Bxf4 17. Nxf4 f6 {(Black offers a draw)} 18. Ne6
Kf7 19. Nxc5 b6 20. Ne4 Ne5 21. Rae1 Rhd8 22. Nxf6 gxf6 23. Rxe5 Re8 24. Rxe8
Rxe8 25. Kf2 Re5 26. a4 Ra5 27. Ra1 a6 28. Ke3 b5 29. c5 bxa4 30. d4 a3 31.
Ra2 Ke6 32. c4 Ra4 33. Kd3 a5 34. Kc3 Kf5 35. d5 Ke5 36. Re2+ Kf5 37. Ra2 Ke5
38. d6 Ke6 39. Kd4 Kd7 40. Kd5 Kd8 41. g4 Ke8 42. c6 Kd8 43. h3 Kc8 44. Re2
Kd8 45. d7 {#r} 1-0

[Event "SIO"]
[Site "Jackpot, NV"]
[Date "2007.11.11"]
[Round "4.2"]
[White "Reynolds, Garrett"]
[Black "Harmon-Vellotti, Luke"]
[Result "0-1"]
[WhiteElo "1884"]
[BlackElo "1685"]

1. e4 e6 2. d3 d5 3. Nd2 c5 4. Ngf3 Nc6 5. g3 Bd6 6. Bg2 Nge7 7. O-O Ng6 8. c3
O-O 9. Re1 b5 10. Qe2 a5 11. d4 c4 12. e5 Bc7 13. h4 Bd7 14. Ng5 h6 15. Nh3 b4
16. Qg4 Nge7 17. Nf3 Nf5 18. Nf4 Kh8 19. Nh5 Rg8 20. Qh3 Be8 21. g4 Nfe7 22.
Ng5 Qd7 23. Re3 Bd8 24. f4 a4 25. Bd2 a3 26. bxa3 Rxa3 27. cxb4 Rxe3 28. Qxe3
Qb7 29. a3 Nxd4 30. Ra2 Bb6 31. Kh1 Qc7 32. Nf3 Nb3 33. Qe2 d4 34. Qf2 c3 35.
Rc2 cxd2 {#R} 0-1

[Event "SIO"]
[Site "Jackpot, NV"]
[Date "2007.11.11"]
[Round "5.1"]
[White "Reynolds, Garrett"]
[Black "Zumbrunnen, Randy D"]
[Result "1/2-1/2"]
[WhiteElo "1884"]
[BlackElo "2000"]

1. e4 c5 2. Nf3 Nc6 3. d4 cxd4 4. Nxd4 Nf6 5. Nc3 e5 6. Ndb5 d6 7. Bg5 a6 8.
Na3 b5 9. Bxf6 gxf6 10. Nd5 f5 11. Bd3 Be6 12. c3 Bg7 13. O-O O-O 14. Ne3 fxe4
15. Bxe4 Qd7 16. Qf3 Rac8 17. Nf5 d5 18. Nxg7 Kxg7 19. Qh5 dxe4 20. Qg5+ Kh8
21. Qf6+ {#d} 1/2-1/2

[Event "Tri-State M (ID, WY, MT)"]
[Site "Jackson, WY"]
[Date "2008.05.03"]
[Round "1.1"]
[White "Reynolds, Garrett"]
[Black "Walker Sr., Brian Lee"]
[Result "1-0"]
[WhiteElo "1850"]
[BlackElo "1678"]

1. e4 c5 2. b4 e6 3. bxc5 Bxc5 4. d4 Bb6 5. c3 d5 6. e5 Ne7 7. Bd3 Bd7 8. Qg4
g6 9. Bg5 Nbc6 10. Ne2 Qc7 11. Qh4 h5 12. Bf6 Rg8 13. Na3 a6 14. Nc2 Nf5 15.
Qg5 Nce7 16. h3 Bb5 17. Bxb5+ axb5 18. g4 Ng7 19. Qh6 Kf8 20. gxh5 Nef5 21.
Bxg7+ Rxg7 22. Qf4 gxh5 23. Ne3 Nxe3 24. Qxe3 Ba5 25. Rc1 b4 26. Qh6 Kg8 27.
Rg1 Rxg1+ 28. Nxg1 bxc3 29. Nf3 c2+ 30. Kf1 Qc4+ 31. Kg2 Bd8 32. Kh2 {#r} 1-0

[Event "Tri-State M (ID, WY, MT)"]
[Site "Jackson, WY"]
[Date "2008.05.03"]
[Round "2.1"]
[White "Reynolds, Garrett"]
[Black "Skovron, James J"]
[Result "1-0"]
[WhiteElo "1850"]
[BlackElo "1784"]

1. e4 e5 2. Nf3 Nc6 3. Bc4 Be7 4. d4 exd4 5. Nxd4 Ne5 6. Bb3 d6 7. O-O c5 8.
Ba4+ Bd7 9. Bxd7+ Qxd7 10. Nf5 g6 11. Nxe7 Qxe7 12. Nc3 Nf6 13. Bg5 h6 14. Nd5
hxg5 15. Nxe7 Kxe7 16. Qe2 Rh4 17. f3 Rah8 18. g3 Rh3 19. Rad1 g4 20. f4 Nf3+
21. Rxf3 gxf3 22. Qxf3 Rxh2 23. e5 Rh1+ 24. Kf2 Ne4+ 25. Ke3 Rxd1 26. Qxd1 f5
27. Qd5 Rh3 28. exd6+ Kd7 29. Qf7+ Kxd6 30. Qxg6+ {#r} 1-0

[Event "Tri-State M (ID, WY, MT)"]
[Site "Jackson, WY"]
[Date "2008.05.04"]
[Round "4.1"]
[White "Walker Sr., Brian Lee"]
[Black "Reynolds, Garrett"]
[Result "1/2-1/2"]
[WhiteElo "1678"]
[BlackElo "1850"]

1. c4 e5 2. Nc3 Nc6 3. g3 Nf6 4. Bg2 Bb4 5. a3 Bxc3 6. bxc3 O-O 7. d3 h6 8.
Qc2 Ne7 9. Nf3 d6 10. O-O Ng6 11. Rb1 Rb8 12. e4 Be6 13. Ne1 Qd7 14. f4 exf4
15. Bxf4 Bh3 16. Bxh6 Nxe4 17. Bxg7 Nxg3 18. hxg3 Kxg7 19. Qf2 Bxg2 20. Qf6+
Kg8 21. Nxg2 Qe6 22. Qg5 Qe5 23. Rf5 Qxc3 24. Nf4 Rbe8 25. Rf1 Re1 26. Nxg6
Rxf1+ 27. Rxf1 Qe5 28. Kg2 fxg6 29. Qxg6+ Qg7 30. Rxf8+ Kxf8 31. Qxg7+ Kxg7
32. Kf3 Kf6 33. Kf4 Kg6 34. g4 Kf6 35. d4 c6 36. g5+ Kg6 37. a4 b5 38. axb5
cxb5 39. c5 dxc5 40. dxc5 b4 41. c6 b3 42. c7 b2 43. c8=Q b1=Q 44. Qe6+ Kg7
45. Qe7+ Kh8 46. Qxa7 Qf1+ {#d} 1/2-1/2

[Event "Tri-State M (ID, WY, MT)"]
[Site "Jackson, WY"]
[Date "2008.05.04"]
[Round "5.1"]
[White "McLaughlin, Edward J"]
[Black "Reynolds, Garrett"]
[Result "1/2-1/2"]
[WhiteElo "1711"]
[BlackElo "1850"]

1. d4 Nf6 2. e3 c5 3. Bd3 cxd4 4. exd4 Nc6 5. c3 d5 6. Bg5 e6 7. Nd2 h6 8. Bh4
Be7 9. f4 Qc7 10. Ne2 Ng4 11. Bf2 Nxf2 12. Kxf2 Bd6 13. g3 g5 14. fxg5 hxg5
15. Nf3 g4 16. Nh4 Be7 17. Ng2 e5 18. dxe5 Qb6+ 19. Kf1 Nxe5 20. Bc2 Nf3 21.
Nd4 Qxb2 22. Rb1 Qxc3 23. Nxf3 gxf3 24. Nf4 Bd6 25. Rb3 Qc5 26. Qe1+ Kd8 27.
Rc3 f2 28. Qd2 Bxf4 29. Rxc5 Bh3+ 30. Kxf2 Bxd2 31. Rxd5+ Kc7 {#d} 1/2-1/2

[Event "Idaho Closed"]
[Site "Twin Falls, ID"]
[Date "2009.02.14"]
[Round "1.2"]
[White "Reynolds, Garrett"]
[Black "Abderhalden, Richard Robert"]
[Result "1-0"]
[WhiteElo "1866"]
[BlackElo "1440"]

1. e4 d6 2. d4 Nf6 3. Nc3 g6 4. f3 Bg7 5. Be3 Nc6 6. Qd2 O-O 7. O-O-O Bd7 8.
Bh6 a5 9. h4 Nb4 10. g4 Rb8 11. h5 b5 12. Bxg7 Kxg7 13. e5 Nfd5 14. hxg6 fxg6
15. Qh6+ Kf7 16. Qxh7+ Ke8 17. Qxg6+ Rf7 18. Rh8# 1-0

[Event "Idaho Closed"]
[Site "Twin Falls, ID"]
[Date "2009.02.14"]
[Round "2.2"]
[White "Booth, Tom R"]
[Black "Reynolds, Garrett"]
[Result "0-1"]
[WhiteElo "1500"]
[BlackElo "1866"]

1. d4 Nf6 2. c4 g6 3. Nc3 d5 4. e3 Bg7 5. Nf3 O-O 6. Be2 dxc4 7. Bxc4 c5 8.
O-O cxd4 9. exd4 Bg4 10. Be3 Nc6 11. h3 Bxf3 12. gxf3 Nh5 13. d5 Na5 14. Be2
Qc8 15. Bd4 Qxh3 16. Qd2 Qh4 17. Bxg7 Kxg7 18. Ne4 Nf4 19. d6 exd6 20. Ng3 Qg5
21. Rad1 h5 22. Kh2 h4 23. Nh5+ Qxh5 24. Qxf4 Qe5 25. Qxe5+ dxe5 26. Rd7 Rad8
27. Rfd1 Rxd7 28. Rxd7 Rc8 29. Rd2 Nc4 30. Rd7 Nxb2 31. Rxb7 Rc2 32. Bb5 Rxf2+
33. Kh3 Rxf3+ 34. Kxh4 Rf4+ 35. Kg3 Rb4 36. Bc6 Rxb7 37. Bxb7 Nc4 38. Kf3 f5
39. Bd5 Nd2+ 40. Ke3 Ne4 41. Bc6 Kf6 {#R} 0-1

[Event "Idaho Closed"]
[Site "Twin Falls, ID"]
[Date "2009.02.15"]
[Round "3.2"]
[White "Reynolds, Garrett"]
[Black "Douglas, Kurt P"]
[Result "1-0"]
[WhiteElo "1866"]
[BlackElo "1707"]

1. e4 c5 2. Nf3 d6 3. Bb5+ Bd7 4. Qe2 e6 5. Nc3 Nc6 6. O-O Be7 7. Rd1 Qc7 8.
d4 cxd4 9. Nxd4 Nf6 10. Be3 O-O 11. h3 a6 12. Nxc6 Bxc6 13. Bxc6 Qxc6 14. Rd4
Rac8 15. Rad1 Rfd8 16. Bg5 h6 17. Bh4 Kf8 18. Kh2 g5 19. Bg3 d5 20. exd5 Nxd5
21. Nxd5 exd5 22. c3 Qe6 23. Qxe6 fxe6 24. Be5 Rd7 25. Kg3 Bd6 26. Bxd6+ Rxd6
27. c4 Ke7 28. b3 b6 29. R1d2 Rcd8 30. Kg4 Kf6 31. h4 Kg6 32. hxg5 hxg5 33.
cxd5 Rxd5 34. Rxd5 Rxd5 35. Rxd5 exd5 36. f4 gxf4 37. Kxf4 Kf6 38. Ke3 Ke5 39.
Kd3 b5 40. b4 {#r} 1-0